000 00345nam a2200133 4500
005 20260530113900.0
100 1 _aTomas Dyson
_932195
245 1 0 _adyson The cleaner that doesn't lose suction
264 1 _bDyson.com
_c2005
300 _a40 páginas
336 _atexto
_2rdacontent
337 _asin medio
_2rdamedia
338 _avolumen
_2rdacarrier
999 _c11754
_d11754